| 000 | 00807nam a2200241 i 4500 | ||
|---|---|---|---|
| 001 | 16487 | ||
| 003 | ES-MaACL | ||
| 005 | 20250905145718.0 | ||
| 007 | t| | ||
| 008 | 001002s1996 sp ||||1| spa d | ||
| 020 | _a84-7517-492-2 | ||
| 080 | _a821.411.21(460)-14"11" | ||
| 100 | 1 |
_aIbn Quzman, Muhammad b. Abd al-Malik. _965017 |
|
| 245 | 1 | 0 |
_aCancionero andalusí _b: (edición íntegra de cejeles y fragmentos) / _cIbn Quzman ; traducción, introducción y notas de Federico Corriente. |
| 250 | _a3ª ed. corr. y aum. | ||
| 260 |
_aMadrid : _bHiperión, _c1996. |
||
| 300 |
_a374 p. ; _c20 cm. |
||
| 490 | 1 |
_aPoesía Hiperión ; _v146 |
|
| 700 | 1 |
_aCorriente, Federico, _d1940- _9154914 |
|
| 830 | 0 |
_aPoesía Hiperión ; _v146 _9177326 |
|
| 852 |
_aES-MaACL _jL-23793 |
||
| 999 |
_c16487 _d16487 |
||